00805nam a2200265 a 4500001001300000003000900013005001700022008004100039020000900080082001700089100001900106245008100125260003000206300001000236500003500246505001000281650003900291650002900330650001300359700001900372902000800391942000700399952011600406999001700522nice12345678IN_TiNIC20260116013425.0050524s1971 leia grp 000 0 eng  ac5500a291.172bNEU aNeusner, Jacob aAphrahat and Judaismb the Christian-Jewish Argument in Fourth-Century Iran. aLeidenbE. J. Brillc1971 a265p. aincludes index and biblioraphy2 aIndex aInterfaith Dialogue-Christian Juda aChristianity-Mesopotamia aAphrahat1 aNeusner, Jacob bSRS cBK 001040708StackRoom-aHMIbHMId2007-07-17g55.00l0o291.172 NEUp016782r2007-07-17v55.00w2005-05-24yBK c10922d10922